00585nam a22002057a 450000500170000000800410001702000260005804000080008404100120009208200160010424500730012025000110019326000450020430000220024950000230027165000250029465000250031970000250034485000100036920181221135113.0181221b xxu||||| |||| 00| 0 eng d a9780199658459cRs 795 beng aEnglish a880.03bHOW aThe Oxford companion to classical literaturecEdited by M C Howatson a3rd ed aNew DelhibOxford University Pressc2011 a613pb25 cm; maps aFirst edition 1937 aClassical literature aClassical dictionary 4ed.aHowatson, M. C. aLCLIB